| 000 | 00538nam a2200205 a 4500 | ||
|---|---|---|---|
| 005 | 20210219152920.0 | ||
| 008 | 991125n 000 0 eng u | ||
| 035 | _aUPN01000067029 | ||
| 100 | _aTYACK, David | ||
| 222 | _aEDUCATIONAL POWER | ||
| 245 | _aCatholic power, black power, and the schools | ||
| 300 | _a27-29 | ||
| 362 | _a1967 Vol. 32, no.1, nov. | ||
| 653 | 0 | _aEDUCACION PUBLICA | |
| 653 | 0 | _aEDUCACION RELIGIOSA | |
| 653 | 0 | _aRACISMO | |
| 653 | 0 | _aSOCIOLOGIA EDUCATIVA | |
| 904 |
_aAC _b004840 |
||
| 905 | _aArticulo | ||
| 999 |
_c63775 _d63775 |
||